|
|
|
|
| LEADER |
00673nam a2200181 a 4500 |
| 001 |
014383260 |
| 008 |
090712r19651963 001 0 eng d |
| 040 |
|
|
|a Uk
|b eng
|c Uk
|
| 082 |
0 |
0 |
|a 820
|2 16
|
| 245 |
0 |
0 |
|a Dryden :
|b a collection of critical essays.
|
| 260 |
|
|
|a Englewood Clliffs,N.J. :
|b Prentice Hall,
|c 1963 (1965)
|
| 490 |
0 |
|
|a Twentieth century views
|
| 541 |
1 |
|
|e 00014262
|
| 650 |
0 |
|
|a English literature.
|
| 700 |
1 |
|
|a Schilling, Bernard N.,
|e editor.
|
| 852 |
4 |
|
|a Ayesha Abed Library
|j General Shelf.
|
| 999 |
|
|
|c 2396
|d 2396
|
| 952 |
|
|
|0 0
|1 0
|2 ddc
|4 1
|6 820_000000000000000_DRY
|7 0
|9 2216
|a BRACUL
|b BRACUL
|c SPS
|d 2009-07-14
|g 80.00
|l 0
|o 820 DRY
|p 3010014262
|r 2009-07-14
|t 1
|w 2009-07-14
|y BK
|